Biblioteca

Los Fundamentos de la bioética (Registro nro. 66901)

Detalles MARC
000 -LÍDER
Campo fijo de descripción fija 01976nam a2200361 i 4500
001 - NÚMERO DE CONTROL
Campo de control 768714001
003 - IDENTIFICADOR DEL NÚMERO DE CONTROL
Campo de control CO-MdFUSB
005 - FECHA Y HORA DE LA ULTIMA TRANSACCIÓN
control field 20211012105703.0
007 - CAMPO FIJO DE DESCRIPCIÓN FIJA--INFORMACIÓN GENERAL
Campo fijo de descripción fija ta
008 - ELEMENTOS DE LONGITUD FIJA -- INFORMACIÓN GENERAL
Campo fijo de descripción fija -- Información general 210928t1995 sp |||| |||| 00| 0 spa d
020 ## - NÚMERO INTERNACIONAL NORMALIZADO PARA LIBROS
Número Internacional Normalizado del libro 9788449300318
040 ## - FUENTE DE CATALOGACIÓN
Agencia de catalogación original CO-MdFUSB
Idioma de catalogación spa
Agencia que realiza la transcripción CO-MdFUSB
Agencia que realiza la modificación CO-MdFUSBC
Convenciones de la descripción rda
041 ## - CÓDIGO DE IDIOMA
Código de idioma para texto/pista de sonido o título separado spa
Código de idioma original eng
082 ## - NÚMERO DE CLASIFICACIÓN DECIMAL DEWEY
Número de la edición del Dewey 23
Número de clasificación 174.29
Clave de autor-Numero de item EN57
100 ## - ASIENTO PRINCIPAL--NOMBRE PERSONAL
Nombre personal Engelhardt, H. Tristram,
Término relacionador autor
240 ## - TITULO UNIFORME
Título uniforme <a href="The foundations of bioethics">The foundations of bioethics</a>
245 #4 - TÍTULO
Título del Material Los Fundamentos de la bioética
Mención de responsabilidad, etc. / H. Tristram Engelhardt ; traducido por Isidro Arias , Gonzalo Hernández , Olga Domínguez ; revisado por Olga Domínguez
264 #1 - PRODUCCIÓN, PUBLICACIÓN, DISTRIBUCIÓN, MANUFACTURA, Y COPYRIGHT
Lugar de producción, publicación, distribución, manufactura Barcelona, España :
Nombre del productor, publicador, distribuidor Paidós,
Fecha de producción, publicación, distribución, manufactura, o copyright [1995]
264 #4 - PRODUCCIÓN, PUBLICACIÓN, DISTRIBUCIÓN, MANUFACTURA, Y COPYRIGHT
Fecha de producción, publicación, distribución, manufactura, o copyright © 1995
300 ## - DESCRIPCIÓN FÍSICA
Extensión 544 páginas
Dimensiones ; 22 cm
336 ## - TIPO DE CONTENIDO
Fuente rdacontent
Término de tipo de contenido texto
Código de tipo de contenido txt
337 ## - TIPO DE MEDIO
Fuente rdamedia
Nombre del tipo de medio sin mediación
Código del tipo de medio n
338 ## - TIPO DE SOPORTE
Fuente rdacarrier
Nombre del tipo de soporte volumen
Código Tipo de soporte nc
490 ## - MENCIÓN DE SERIE
Mención de serie Paidós básica,
505 ## - NOTA DE CONTENIDO
Nota de contenido con formato preestablecido Introducción: la bioética ante la posmodernidad. -- Bioética secular y pluralidad de visiones morales. -- Las bases intelectuales de la bioética. -- Los principios de la bioética. -- El contexto de la asistencia sanitaria: las personas, las posesiones y los Estados. -- Los lenguajes de la medicalización. -- Principio y fin de la persona: muerte, aborto e infanticidio. -- Consentimiento libre e informado, rechazo del tratamiento y el equipo sanitario: las múltiples caras de la libertad. -- El derecho a la asistencia sanitaria, a la justicia social y a la imparcialidad en la asignación de asistencia sanitaria: la frustración ante la finitud. -- La remodelación de la naturaleza humana y la búsqueda de la virtud junto con extraños morales: responsabilidad carente de contenido moral.
563 ## - NOTA DE ENCUADERNACIÓN
Nota de encuadernación Rústico
653 ## - TÉRMINO DE INDIZACIÓN - NO CONTROLADO
Término no controlado Bioética
700 ## - ASIENTO SECUNDARIO - NOMBRE PERSONAL
9 (RLIN) 2251
Nombre personal Arias Pérez, Isidro.
Responsabilidad traductor
700 ## - ASIENTO SECUNDARIO - NOMBRE PERSONAL
9 (RLIN) 5674
Nombre personal Hernández, Gonzalo,
Responsabilidad traductor
700 ## - ASIENTO SECUNDARIO - NOMBRE PERSONAL
9 (RLIN) 5675
Nombre personal Domínguez, Olga,
Responsabilidad traductor y revisor
942 ## - TIPO DE MATERIAL (KOHA)
Tipo de Item KOHA Libros General
945 ## - INFORMACIÓN LOCAL DEL REGISTRO
Catalogador JTF-925
Existencias
Estado de Material Estado de Perdido Forma de Clasificación Estado de Dañado No para Préstamo Colección Biblioteca de Origen Biblioteca Permanente Fecha de Adquisición Área Total de Préstamos Signatura Topográfica Código de Barras Última vez visto Ejemplar/Existencia Fecha de Remplazo Tipo de Material
    Dewey Decimal Classification     Colección General Biblioteca FUSBC Biblioteca FUSBC 28/09/2021 FILOSOFIA   G 174.29 EN57f 16982 28/09/2021 Ej. 1 28/09/2021 Libros General

Biblioteca FUSBC | Teléfono: (57+4) 349 88 10 Ext. 141| WhatsApp (+57) 3005338115 
E-mail: biblioteca@unisbc.edu.co | Calle 76 87-14 Robledo Palenque, Medellín, Colombia

Con tecnología Koha